Statistics for Capital Cities by Body of Water

Click here to take the quiz!

General Stats

  • This quiz has been taken 48,764 times
  • The average score is 13 of 20

Answer Stats

Body of WaterCapital(s)% Correct
River ThamesLondon
99%
River SeineParis
95%
Danube RiverVienna | Budapest | Belgrade | Bratislava
82%
Potomac RiverWashington D.C.
77%
Java SeaJakarta
76%
Tigris RiverBaghdad
73%
Øresund StraitCopenhagen
72%
Tiber RiverRome
72%
Congo RiverBrazzaville | Kinshasa
66%
Río de la PlataBuenos Aires | Montevideo
65%
Dnieper RiverKyiv
62%
Gulf of MexicoHavana
60%
River LiffeyDublin
56%
Amstel RiverAmsterdam
55%
Caspian SeaBaku
52%
Mekong RiverVientiane | Phnom Penh
51%
Lake VictoriaKampala
40%
Vistula RiverWarsaw
40%
Han RiverSeoul
38%
Gulf of AdenDjibouti
31%

Score Distribution

Percentile by Number Answered

Percent of People with Each Score

Your Score History

You have not taken this quiz